| 000 | 00427cam a2200181ua 4500 | ||
|---|---|---|---|
| 020 | _c1.25 | ||
| 041 |
_amal _h |
||
| 082 |
_a894.812308 _bANN/ON |
||
| 100 | _aAnnie, Thayyil . | ||
| 245 |
_aOnnu Puchikkan / _cAnnie Thayyil. _hTextual Documents |
||
| 260 |
_aThrissur : _bCurrent Books , _c1961. |
||
| 300 | _a ; . | ||
| 365 | _a1.25 | ||
| 504 | _a | ||
| 942 | _cBK | ||
| 999 |
_c11720 _d11720 |
||